|
|
|
|
| LEADER |
00000cam a2200000 7i4500 |
| 001 |
0000006727 |
| 005 |
20220105104025.0 |
| 008 |
070820 |
| 020 |
|
|
|a 9830532194(set)
|
| 020 |
|
|
|a 9830532240
|
| 090 |
0 |
0 |
|a JP
|b NH ENG (7529)
|
| 100 |
0 |
|
|a Muhammad Azam
|
| 245 |
1 |
0 |
|a Coconut and the rock
|c Muhammad Azam
|
| 260 |
|
|
|a Kuala Lumpur :
|b Pustaka Prinsip ,
|c 2004
|
| 440 |
|
|
|a Science stories and fact series
|
| 500 |
|
|
|a Children age 4-6 years old (yellow)
|
| 650 |
|
0 |
|a Readers
|x Science
|
| 710 |
1 |
|
|a Buah kelapa dan batu
|
| 999 |
|
|
|a 0000986358
|b Book
|c Children Collection
|e Cawangan Sri Merlong
|
| 999 |
|
|
|a 0000986359
|b Book
|c Children Collection
|e Perbadanan Perpustakaan Awam Johor
|
| 999 |
|
|
|a 0000986360
|b Book
|c Children Collection
|e Cawangan Muar
|
| 999 |
|
|
|a 0000986361
|b Book
|c Children Collection
|e Cawangan Tmn. Ungku Tun Aminah
|
| 999 |
|
|
|a 0000986362
|b Book
|c Children Collection
|e Perbadanan Perpustakaan Awam Johor
|